000 01592cam a2200337 a 4500
001 9296
003 FISKH
005 20260106085745.0
008 080923s2009 nyua j 000 0 eng
010 _a 2008038838
020 _a9780545052511
_qhardcover
020 _a0545052513
_qhardcover
020 _a9780545285483
040 _aDLC
_cDLC
_dDLC
_beng
050 _aPZ7.R567683 T
082 _a796.357092
100 1 _aRobinson, Sharon,
_d1950-
245 1 0 _aTesting the ice :
_ba true story about Jackie Robinson /
_cby Sharon Robinson ; illustrated by Kadir Nelson.
260 _aNew York :
_bScholastic Press,
_c2009.
300 _a40 unnumbered pages :
_ccolor illustrations ;
_b28 cm
505 _aAs a testament to his courage, Jackie Robinson's daughter shares memories of him, from his baseball career to the day he tests the ice for her, her brothers, and their friends.
520 _aAs a testament to his courage, Jackie Robinson's daughter shares memories of him, from his baseball career to the day he tested the ice for her, her brothers, and their friends.
600 1 0 _aRobinson, Jackie,
_d1919-1972
_vJuvenile literature.
650 0 _aBaseball players
_zUnited States
_vBiography
_vJuvenile literature.
650 0 _aAfrican American baseball players
_vBiography
_vJuvenile literature.
655 7 _aLiterature.
_2lcgft
_0https://id.loc.gov/authorities/genreForms/gf2014026415
655 7 _aBiographies.
_2lcgft
_0https://id.loc.gov/authorities/genreForms/gf2014026049
906 _a7
_brip
_corignew
_d1
_eecip
_f20
_gy-gencatlg
942 _2ddc
_cBK
_n0
999 _c9296
_d9296